LEADER 01185nam2-2200385---450- 001 990002410730203316 005 20090305182419.0 010 $a0-415-00710-0 035 $a000241073 035 $aUSA01000241073 035 $a(ALEPH)000241073USA01 035 $a000241073 100 $a20050404d1987----km-y0itay0103----ba 101 $aeng 102 $aGB 105 $a||||||||001yy 200 1 $a<<3.:>> <> much governed nation$fW. H. Greenleaf 210 $aLondon$cRoutledge$d1987 215 $aXI, 1043 p.$d21 cm 461 $10010069598$12001$aThe British political tradition 606 0 $aGran Bretagna$xPolitica$zSec. 19.-20. 676 $a320.941 702 1$aGREENLEAF,$bW. H. 801 0$aIT$bsalbc$gISBD 912 $a990002410730203316 951 $a320.01 ROU 15/3.1(ISP IV 1231/3.1,2)$b42671 g.$cISP IV$d00136877 959 $aBK 969 $aECO 979 $aCHIARA$b90$c20050404$lUSA01$h1031 979 $aCHIARA$b90$c20050404$lUSA01$h1032 979 $aCHIARA$b90$c20050404$lUSA01$h1035 979 $aCHIARA$b90$c20050404$lUSA01$h1056 979 $aRSIAV1$b90$c20090305$lUSA01$h1824 996 $aMuch governed nation$91066353 997 $aUNISA LEADER 02019nam0 22004933i 450 001 VAN00282948 005 20250108030046.538 017 70$2N$a9783030669454 100 $a20241114d2021 |0itac50 ba 101 $aeng 102 $aCH 105 $a|||| ||||| 181 $ai$b e 182 $ab 200 1 $aˆThe ‰Photonic Hook$eFrom Optics to Acoustics and Plasmonics$fOleg V. Minin, Igor V. Minin 210 $aCham$cSpringer$d2021 215 $axviii, 91 p.$cill.$d24 cm 410 1$1001VAN00132717$12001 $aSpringerBriefs in Physics$1210 $aBerlin [etc.]$cSpringer 606 $a00A79 (77-XX)$xPhysics [MSC 2020]$3VANC023182$2MF 606 $a78-XX$xOptics, electromagnetic theory [MSC 2020]$3VANC022356$2MF 606 $a78A60$xLasers, masers, optical bistability, nonlinear optics [MSC 2020]$3VANC029030$2MF 610 $aAcoustic hook$9KW:K 610 $aAcoustic jet$9KW:K 610 $aAiry Beam$9KW:K 610 $aCurved beam$9KW:K 610 $aPhotonic hook$9KW:K 610 $aPhotonic nanojet$9KW:K 610 $aPlasmonic hook$9KW:K 610 $aPlasmonic nanojet$9KW:K 610 $aStructured subwavelength light beam$9KW:K 620 $aCH$dCham$3VANL001889 700 1$aMinin$bOleg V.$3VANV146095$01074166 701 1$aMinin$bIgor V.$3VANV205315$01774405 712 $aSpringer $3VANV108073$4650 790 1$aMinin, Oleg$zMinin, Oleg V.$3VANV236084 790 1$aMinin, Igor$zMinin, Igor V.$3VANV236085 801 $aIT$bSOL$c20250110$gRICA 856 4 $uhttp://doi.org/10.1007/978-3-030-66945-4$zE-book ? Accesso al full-text attraverso riconoscimento IP di Ateneo, proxy e/o Shibboleth 899 $aBIBLIOTECA DEL DIPARTIMENTO DI MATEMATICA E FISICA$1IT-CE0120$2VAN08 912 $fN 912 $aVAN00282948 950 $aBIBLIOTECA DEL DIPARTIMENTO DI MATEMATICA E FISICA$d08DLOAD e-Book 9742 $e08eMF9742 20241127 996 $aPhotonic Hook$94286380 997 $aUNICAMPANIA